000 00433nam a2200181Ia 4500
001 19340
005 20260306172646.0
008 260306t1997||||xx |||||||||||||| ||spa||
041 _aESP
082 _a658.8342
_bL92
100 _aLoudon, David L.
_eAUT
245 0 _aComportamiento del consumidor:
_bconceptos y aplicaciones
260 _c1997
300 _a
_c
650 _aGEN
654 _aCAN
942 _cLIB
_dJUS
_fJUS
_2ddc
_n
999 _c19340
_d19340